|
|
|
|
| LEADER |
00000naa2a2200000 4500 |
| 001 |
621469 |
| 005 |
20231214132626.0 |
| 035 |
|
|
|a (RuTPU)RU\TPU\conf\20085
|
| 035 |
|
|
|a RU\TPU\conf\20084
|
| 090 |
|
|
|a 621469
|
| 100 |
|
|
|a 20170109d2016 k y0rusy50 ca
|
| 101 |
0 |
|
|a rus
|
| 102 |
|
|
|a RU
|
| 105 |
|
|
|a y z 101zy
|
| 135 |
|
|
|a drgn ---uucaa
|
| 181 |
|
0 |
|a i
|
| 182 |
|
0 |
|a b
|
| 200 |
1 |
|
|a Воздействие альтернативных источников энергии на жизнь человека, перспективы развития в России
|f В. В. Коледаев
|g науч. рук. А. В. Жаворонок
|
| 203 |
|
|
|a Текст
|c электронный
|
| 300 |
|
|
|a Заглавие с титульного экрана
|
| 320 |
|
|
|a [Библиогр.: с. 77 (5 назв.)]
|
| 330 |
|
|
|a Альтернативной энергетике вполне по силам обеспечить энергетическую, экологическую и продовольственную безопасность населения страны на длительную перспективу. Ведь количество энергии, которую человек может уловить, аккумулировать и использовать, всегда оптимально. Данный вид энергетики в основном использует прямую энергию солнца и опосредованно применяется энергия ветра, приливов, отливов, биомассы, геотермальная энергия. В данной статье исследованы перспективы развития альтернативной энергетики в пределах территории России, влияние альтернативной энергетики на жизнь людей, а так же те глобальные проблемы, которые могут быть решены при помощи планового введения альтернативной энергетики. Целью данной работы является выявление явных преимущество альтернативных видов энергетики перед традиционными.
|
| 463 |
|
1 |
|0 (RuTPU)RU\TPU\conf\20057
|t Непрерывное благополучие в мире
|l Lifelong Wellbeing In The World
|o сборник научных трудов Международного научного симпозиума, г. Томск, 11-16 сентября 2016 г.
|f Национальный исследовательский Томский политехнический университет (ТПУ) ; под ред. Г. А. Барышевой [и др.]
|v [С. 73-77]
|d 2016
|
| 610 |
1 |
|
|a труды учёных ТПУ
|
| 610 |
1 |
|
|a электронные ресурсы
|
| 610 |
1 |
|
|a альтернативная энергетика
|
| 610 |
1 |
|
|a электроэнергия
|
| 610 |
1 |
|
|a АЭС
|
| 610 |
1 |
|
|a загрязнения
|
| 610 |
1 |
|
|a энергообеспечение
|
| 700 |
|
1 |
|a Коледаев
|b В. В.
|
| 702 |
|
1 |
|a Жаворонок
|b А. В.
|c экономист
|c старший преподаватель Томского политехнического университета
|f 1984-
|g Анастасия Валерьевна
|4 727
|
| 712 |
0 |
2 |
|a Национальный исследовательский Томский политехнический университет (ТПУ)
|b Институт социально-гуманитарных технологий (ИСГТ)
|b Кафедра экономики (ЭКОН)
|3 (RuTPU)RU\TPU\col\18375
|
| 801 |
|
2 |
|a RU
|b 63413507
|c 20170112
|g RCR
|
| 856 |
4 |
|
|u http://earchive.tpu.ru/handle/11683/35940
|
| 942 |
|
|
|c BK
|